अजिंक्य आंबी (Record no. 462835)

MARC details
000 -LEADER
fixed length control field 00460nam a2200145Ia 4500
008 - FIXED-LENGTH DATA ELEMENTS--GENERAL INFORMATION
fixed length control field 100204s9999 xx 000 0 und d
082 ## - DEWEY DECIMAL CLASSIFICATION NUMBER
Item number 18412
100 ## - MAIN ENTRY--PERSONAL NAME
Personal name व्हटकर अशोक
245 ## - TITLE STATEMENT
Title अजिंक्य आंबी
260 ## - PUBLICATION, DISTRIBUTION, ETC. (IMPRINT)
Name of publisher, distributor, etc "सुयोग प्रकाशन , पुणे"
Date of publication, distribution, etc 1994 2
300 ## - PHYSICAL DESCRIPTION
Extent 176
630 ## - SUBJECT ADDED ENTRY--UNIFORM TITLE
Uniform title अजिंक्य आंबी
730 ## - ADDED ENTRY--UNIFORM TITLE
Uniform title अजिंक्य आंबी
942 ## - ADDED ENTRY ELEMENTS (KOHA)
Koha item type Book
Holdings
Withdrawn status Lost status Damaged status Not for loan Home library Current library Date acquired Cost, normal purchase price Total Checkouts Full call number Barcode Date last seen Cost, replacement price Price effective from Koha item type
        N. C. Kelkar Sarvajanik Library, Mulund N. C. Kelkar Sarvajanik Library, Mulund 02/04/2010 80.00   18412 NCKMULUND-18412 02/04/2010 80.00 02/04/2010 Book